WORLD in transition, volume 2 : new structures for global environmental policy

Bibliographic Details
Format: Book
Published: London : Earthscan , 2001
Subjects:

MARC

LEADER 00000cam a2200000 7i4500
001 0000002125
005 20021118.0
020 0 0 |a 18538527 
090 0 0 |a 333.95160943   |b WOR 2001 
245 0 0 |a WORLD in transition, volume 2 :   |b new structures for global environmental policy   |c German Advisory Council on Global Change 
260 0 0 |a London :   |b Earthscan ,   |c 2001 
300 |a xiii, 211 p. :   |b ill. ;   |c 28 cm. 
500 0 0 |a Includes bibliography : p. 185-196 and index 
650 0 0 |a Government policy   |z Germany 
650 0 0 |a Sustainable development   |x Government policy   |z Germany 
998 |a JPSM 
999 |a 0000003514   |b Monograph   |c Open Shelf   |e Default branch